000 00439cam a22001097a 4500
008 180718b1970 xxu||||| |||| 00| 0 eng d
082 _aQ436x42 Un3g
245 _aGuide to adoption practice
_cby Advisory Councils on Child Care For England And Wales And For Scotland, London
260 _aLondon
_bHer majesty's Stationery Office
_c1970
300 _a152p.
700 _aU.K.Advisory Councils on Child Care For England And Wales And For Scotland
999 _c495440
_d495440